000 00657nam a2200229Ia 4500
003 OSt
005 20220925224917.0
006 a|||||r|||| 00| 0
007 ta
008 220923b |||||||| |||| 00| 0 eng d
037 _cGeneral Book
040 _aRTL
_cRTL
_beng
041 _2eng
_aeng
082 _aY, N0
100 _aCorrigan Philip
_9123851
245 0 _aSocial forms/human capacities
_b Essays in authority and difference
260 _aLondon
_bRoutledge Published
_c1990
300 _axiii,290p
_ccm.
500 _aBibliography chapterwise
942 _hY, N0
_cGB
_2CC
999 _c582556
_d582556